ARRUPE JESUIT UNIVERSITY

CORONAVIRUS -STOP THE SPREAD - CLEAN,DISINFECT,COVER

Ideology and the Development of Sociological Theory (Record no. 35759)

MARC details
000 -LEADER
fixed length control field 00483nam a2200205Ia 4500
003 - CONTROL NUMBER IDENTIFIER
control field 0100
005 - DATE AND TIME OF LATEST TRANSACTION
control field 20190718094533.0
008 - FIXED-LENGTH DATA ELEMENTS--GENERAL INFORMATION
fixed length control field 130303s9999 xx 000 0 und d
020 ## - INTERNATIONAL STANDARD BOOK NUMBER
International Standard Book Number 0130645699
040 ## - CATALOGING SOURCE
Transcribing agency ARRUPELIB
050 ## - LIBRARY OF CONGRESS CALL NUMBER
Classification number HM19.Z4 1994
300 ## - PHYSICAL DESCRIPTION
Other physical details 376p 24cm.
100 ## - MAIN ENTRY--PERSONAL NAME
Personal name Zeitlin, Irving M
9 (RLIN) 42199
245 ## - TITLE STATEMENT
Title Ideology and the Development of Sociological Theory
260 ## - PUBLICATION, DISTRIBUTION, ETC. (IMPRINT)
Place of publication, distribution, etc New Jersey
Name of publisher, distributor, etc Prentice-Hall
Date of publication, distribution, etc 1994
300 ## - PHYSICAL DESCRIPTION
Extent viii
650 ## - SUBJECT ADDED ENTRY--TOPICAL TERM
Topical term or geographic name as entry element Sociology
General subdivision History
9 (RLIN) 47219
942 00 - ADDED ENTRY ELEMENTS (KOHA)
Koha issues (borrowed), all copies 6
Source of classification or shelving scheme Library of Congress Classification
Koha item type Monograph ( Printed materials)
Holdings
Withdrawn status Lost status Source of classification or shelving scheme Damaged status Not for loan Collection code Home library Current library Shelving location Date acquired Total Checkouts Full call number Barcode Date last seen Date checked out Copy number Price effective from Koha item type
    Library of Congress Classification     Main Collection ARRUPE LIBRARY ARRUPE LIBRARY   04/03/2013 7 HM19.Z4 1994 46003074538 30/04/2018 12/04/2017 1 04/03/2013 Monograph ( Printed materials)
    Library of Congress Classification     Main Collection ARRUPE LIBRARY ARRUPE LIBRARY   04/03/2013 1 HM19.Z4 1994 46003046341 30/04/2018 02/04/2014 2 04/03/2013 Monograph ( Printed materials)

 

Arrupe Library. PO Box MP320 Mt Pleasant, Harare, Zimbabwe
263 242 745411|librarian@aju.ac.zw